|
|
|
|
| LEADER |
01706cam a2200385 a 4500 |
| 001 |
022052 |
| 003 |
AR-BeUNQ |
| 005 |
20211117110448.0 |
| 008 |
101005s2009 xx ado f m 000 0 spa d |
| 999 |
|
|
|c 798
|d 76185
|
| 040 |
|
|
|a AR-BeUNQ
|e aacr
|
| 082 |
0 |
4 |
|a 572.8
|2 21
|
| 100 |
1 |
|
|a Ialonardi, Florencia E
|
| 245 |
1 |
0 |
|a Caracterización de aislamiento de Streptococcus agalactiae con resistencia inusual a lincosamidas y sensibilidad a macrólidos /
|c Florencia E. Ialonardi.
|
| 260 |
|
|
|c 2009.
|
| 300 |
|
|
|a 59 p. :
|b il., gráficos ;
|c 30 cm.
|
| 500 |
|
|
|a Director de tesis: Lic. Diego Faccone.
|
| 500 |
|
|
|a Co-director de tesis: Dra. Lucrecia Delfederico.
|
| 500 |
|
|
|a Trabajo de tesis presentado para la obtención del grado de Licenciado en Biotecnología.
|
| 500 |
|
|
|a Lugar de realización: Servicio Antimicrobianos del Departamento de Bacteriología, Instituto Nacional de Enfermedades Infecciosas (ANLIS) "Dr. Carlos G. Malbrán".
|
| 502 |
|
|
|a Tesis (licenciatura) -- Universidad Nacional de Quilmes, 2009.
|
| 504 |
|
|
|a Bibliografía: p. 51-59.
|
| 594 |
|
|
|a LICENCIATURA EN BIOTECNOLOGIA
|
| 650 |
|
7 |
|a Genética microbiana
|2 spines
|
| 650 |
|
7 |
|a Resistencia microbiana de los medicamentos
|2 spines
|
| 650 |
|
7 |
|a Fenotipo
|2 spines
|
| 650 |
|
7 |
|a Antibióticos
|2 spines
|
| 653 |
|
|
|a Lincosamidas
|
| 653 |
|
|
|a Macrólidos
|
| 655 |
|
7 |
|a Tesis
|2 toit
|
| 700 |
1 |
|
|a Faccone, Diego
|e director de tesis
|4 ths
|9 2600
|
| 700 |
1 |
|
|a Delfederico, Lucrecia
|e director de tesis
|4 ths
|9 2363
|
| 710 |
2 |
|
|a Universidad Nacional de Quilmes,
|e institución otorgante del título
|4 dgg
|
| 929 |
|
|
|a DONACION
|b Florencia E. Ialonardi
|d 0
|e 20100810
|f PAT0035218
|g 1609 Exp. 827-0387/98
|j 45398
|
| 942 |
|
|
|c TES
|n 0
|